| 000 | 00576nam a22001937a 4500 | ||
|---|---|---|---|
| 005 | 20160727103007.0 | ||
| 010 | _aENG-115536 | ||
| 020 |
_a9788193223284 _c395.00 |
||
| 035 | _aEN-99068 | ||
| 037 | _bDBAD/PUB | ||
| 082 | _a649 | ||
| 100 | _aKrishna Kumar Singh | ||
| 245 |
_aParenting : _cby K.K. Singh _ba sociological analysis / |
||
| 246 | _aParenting / Krishna Kumar Singh | ||
| 260 |
_aFaridabad _bMaheshwari Prakashan _c2016 |
||
| 270 |
_a911/7C _bFaridabad (Delhi/NCR) _e121006 |
||
| 300 |
_c24cm(pbk) _aviii,246p. |
||
| 942 |
_2ddc _cEN _h649 _mKRI |
||
| 999 |
_c101486 _d101486 |
||